LEADER 00852nam a2200241 i 4500 001 991002789199707536 005 20020503173418.0 008 010104s1952 uk ||| | eng 035 $ab10414812-39ule_inst 035 $aEXGIL109839$9ExL 040 $aBiblioteca Interfacoltà$bita 082 0 $a823.91 100 1 $aSansom, William$0439184 245 10$aFireman Flower /$cWilliam Sansom 260 $aLondon :$bChatto & Windus in association with the Hogarth press,$c1952 300 $a255 p. ;$c18 cm. 440 4$aThe new phoenix library 907 $a.b10414812$b02-04-14$c27-06-02 912 $a991002789199707536 945 $aLE002 In. II C 28$g1$iLE002-11685/P6$lle002$o-$pE0.00$q-$rl$s- $t0$u0$v0$w0$x0$y.i10483032$z27-06-02 996 $aFireman Flower$9152021 997 $aUNISALENTO 998 $ale002$b01-01-01$cm$da $e-$feng$guk $h0$i1 LEADER 01101cam0 2200253 450 001 E600200009837 005 20230619064238.0 100 $a20050506d1929 |||||ita|0103 ba 101 $aita 102 $aIT 200 1 $aRicerche tecniche sulle antiche maioliche$e1.Le piastrelle maiolicate del pavimento della Chiesa di Donna Regina in Napoli. 2.Antiche piastrelle maiolicate. 3..Maioliche a smalto antimonifero. 4.Antichi pavimenti maiolicati napoletani.$fMemoria di Orazio Rebuffat 210 $aNapoli$cGiovanni Barca$d1929 215 $a18 p.$d28 cm 300 $aEstr. da: "Atti del R.Istituto d'Incoraggiamento di Napoli", (1929), n.VII 700 1$aRebuffat$b, Orazio$3A600200030617$4070$0333864 801 0$aIT$bUNISOB$c20230619$gRICA 850 $aUNISOB 852 $aUNISOB$j700|Opusc$m77919 912 $aE600200009837 940 $aM 102 Monografia moderna SBN 941 $aM 957 $a700|Opusc$b000041$gSI$d77919$rdono$1pregresso1$2UNISOB$3UNISOB$420050506090041.0$520191203145338.0$6Spinosa$spreg 996 $aRicerche tecniche sulle antiche maioliche$91671142 997 $aUNISOB